Normal view
MARC view
- Bradshaw, A. D.
Entry Personal Name
001 - CONTROL NUMBER
- control field: 5022
003 - CONTROL NUMBER IDENTIFIER
- control field: OSt
005 - DATE AND TIME OF LATEST TRANSACTION
- control field: 20170516122359.0
008 - FIXED-LENGTH DATA ELEMENTS
- fixed length control field: 170516|| aca||aabn | a|a d
040 ## - CATALOGING SOURCE
- Original cataloging agency: OSt
- Transcribing agency: OSt
100 ## - HEADING--PERSONAL NAME
- Personal name: Bradshaw, A. D.
- Fuller form of name: (Anthony David)
670 ## - SOURCE DATA FOUND
- Source citation: Work cat.: (OSt)0: Bradshaw, A. D. (Anthony David), Kajian dalam biologi :, 1989

PORTAL AKMAL
E-MEL JKDM
AKMAL2U
G-BAM
u-PUSTAKA